000 00729nam a2200193Ia 4500
003 GCL
008 140319s9999 xx 000 0 ara d
020 _a1576215977
040 _aGCL /
_cGCL
082 0 4 _a811.009
_bم ا
100 1 _aمحمد حماسة عبداللطيف
245 1 0 _aالابداع الموازى :
_bالتحليل النصى للشعر /
_cمحمد حماسة عبداللطيف
260 _aالقاهرة :
_bدار غريب للطباعة والنشر والتوزيع ،
_c2001
300 _a207 ص ؛
_c24 سم
650 0 4 _aالادب العربى
650 0 4 _aالشعر العربى - تاريخ ونقد
650 0 4 _aالشعر العربى - دواوين وقصائد
942 _2ddc
_cBK
999 _c3307
_d3307